A-Z: words with double letters - Statistics

General Stats
  • This quiz has been taken 32 times
  • The average score is 12 of 26
Answer Stats
Contains: Clue: Word: % Correct
BB Long-eared, grass-munching mammal associated with Easter Rabbit
97%
GG Largest Biggest
90%
DD Unusual; or not even Odd
87%
CC Plant material which is smoked in cigarettes Tobacco
87%
LL Small town Village
83%
EE Run away Flee
80%
AA Middle Eastern market Bazaar
73%
II Lines from the centre of a circle to the edge Radii
73%
SS Wild donkey Ass
70%
PP Orange metal used in wires Copper
67%
JJ Muslim pilgrimage Hajj
67%
NN The owner of a country tavern, perhaps providing accommodation Innkeeper
60%
ZZ Intermediate floor in a building which is partly open to the floor below Mezzanine
40%
VV Pressed a car accelerator to increase engine output Revved
40%
HH Refused to give, suppressed or held back Withheld
40%
XX Person who claims that vaccinations are not good for you Anti-vaxxer
37%
WW Bioluminescent insect Glowworm
23%
TT Chemicals which transmit nerve impulses in the body Neurotransmitters
23%
KK Verb for when an articulated vehicle turns at a very acute angle Jackknife
20%
UU Smooth spectrum or sequence of elements varying by tiny degrees Continuum
17%
RR Military effort to react against enemy scouting/surveillance Counterreconnaissance
10%
FF Unusual Offbeat
7%
QQ Nut-based Egyptian condiment Duqqa
3%
YY Homoerotic-sounding Vietnamese boat Gayyou
3%
MM Loud, discordant noise; or state of depression or bewilderment Katzenjammer
3%
OO The study of animal fossils Paleozoology
3%
No matching quizzes found
Score Distribution
Percent of People with Each Score
Percentile by Number Answered
Your Score History
You have not taken this quiz